000 00511nam a2200205Ia 4500
003 OSt
005 20140312083549.0
008 140130s9999 xx 000 0 und d
020 _a0590224298
050 _aPZ 7
_b.M652Kis 1968
100 _aMinarik, Else Homelund
245 _cElse Homelund Minarik.
_aA kiss for little bear /
260 _bScholastic,
_c1968.
_aNew York :
300 _a32 p. :
_bill. ;
_c22 cm.
440 _v1
521 _aBR
526 _c100
942 _cBK
_2lcc
999 _c42049
_d42049